Taiwan High Speed Rail - Statistics

General Stats
  • This quiz has been taken 13 times
  • The average score is 19 of 24
Answer Stats
Station Name % Correct
苗栗 Miaoli
100%
台中 Taichung
100%
台南 Tainan
100%
台北 Taipei
100%
桃園 Taoyuan
100%
板橋 Banqiao
91%
新北市板橋區 Banqiao District, New Taipei City
91%
新竹 Hsinchu
91%
南港 Nangang
91%
台北市南港區 Nangang District, Taipei City
91%
雲林 Yunlin
91%
彰化 Changhua
82%
嘉義 Chiayi
82%
台北市中正區 Zhongzheng District, Taipei City
82%
左營 Zuoying
82%
高雄市左營區 Zuoying District, Kaohsiung City
82%
台中市烏日區 Wuri District, Taichung City
73%
桃園市中壢區 Zhongli District, Taoyuan City
64%
新竹縣竹北市 Zhubei City, Hsinchu County
64%
雲林縣虎尾鎮 Huwei Township, Yunlin County
55%
嘉義縣太保市 Taibao City, Chiayi County
45%
台南市歸仁區 Guiren District, Tainan City
36%
苗栗縣後龍鎮 Houlong Township, Miaoli County
36%
彰化縣田中鎮 Tianzhong Township, Changhua County
36%
No matching quizzes found
Score Distribution
Percent of People with Each Score
Percentile by Number Answered
Your Score History
You have not taken this quiz